Vzdelanosť - spojivo konceptov ľudského kapitálu, znalostnej spoločnosti a kreatívnej triedy
Rast vzdelanosti, ktorý sa stal základom konceptu ľudského kapitálu a neskôr konceptu znalostnej spoločnosti. Koncept ľudského kapitálu. Koncept znalostnej spoločnosti. Koncept kreatívnej spoločnosti. Pojem kreatívna trieda. Index kreativity tvorený pracovnou silou, inováciami, hi-tech priemyslom a...
Salvato in:
| Autore principale: | |
|---|---|
| Natura: | Capitolo di libro |
| Lingua: | slovacco |
| Soggetti: | |
| Tags: |
Nessun Tag, puoi essere il primo ad aggiungerne!!
|
MARC
| LEADER | 00000nla$a2200000$$$4500 | ||
|---|---|---|---|
| 001 | 0125131 | ||
| 005 | 20221207082140.0 | ||
| 041 | 0 | |a slo | |
| 044 | |a CZ | ||
| 245 | 1 | 0 | |a Vzdelanosť - spojivo konceptov ľudského kapitálu, znalostnej spoločnosti a kreatívnej triedy |c František Murgaš |
| 520 | |a Rast vzdelanosti, ktorý sa stal základom konceptu ľudského kapitálu a neskôr konceptu znalostnej spoločnosti. Koncept ľudského kapitálu. Koncept znalostnej spoločnosti. Koncept kreatívnej spoločnosti. Pojem kreatívna trieda. Index kreativity tvorený pracovnou silou, inováciami, hi-tech priemyslom a diverzitou. | ||
| 610 | 2 | 0 | |a spoločnosť vedomostná |
| 610 | 2 | 0 | |a vzdelanosť |
| 610 | 2 | 0 | |a vzdelanie |
| 610 | 2 | 0 | |a kapitál ľudský |
| 610 | 2 | 0 | |a kreativita |
| 610 | 2 | 0 | |a inovácia |
| 610 | 2 | 0 | |a sily pracovné |
| 610 | 2 | 0 | |a technológie informačné |
| 610 | 2 | 0 | |a technológie komunikačné |
| 100 | 1 | |a Murgaš, František | |